000 00323 a2200145 4500
001 155947
040 _cEscola São Tomás de Aquino
100 _aREIS, João Batista Alves dos
240 1 0 _aA grande ameaça
_lpor
245 1 0 _aA grande ameaça
300 _a63
362 0 _a2008
697 _aCIÊNCIAS
942 _cBK
999 _c155947
_d155947